000 00297nam a2200109Ia 4500
008 200302s9999 xx 000 0 und d
100 _aAnthony Mason
245 _aART of the western world, from prehistory to the 21st century
260 _bthe salariya Book Company
260 _c2007
300 _a128
999 _c7212
_d7212